000 01302cam a22003617a 4500
003 CHAP
005 20220329142524.0
008 010830d2001 mx d r 00110 spa d
010 _a84549
011 _a85521
035 _a96054
040 _cCHAP
090 _aTesis
100 0 0 _aGarcía Carreón, Rafael.
_945827
245 1 0 _aEvaluación de la operación del programa ganado mejor en el estado de Hidalgo, 1999
_c/por Rafael García Carreón
260 _aChapingo, Méx. :
_bEl autor,
_c2001.
300 _a62 h. :
_bgráfs. ; cuadros ; diagramas
502 _aTesis ( Ing. Agr. Esp. en Zootecnia) -- UACH. Departamento de Zootecnia
590 _aALEPH
_b10
_c20130110
_lUCH01
_h1443
590 _aBATCH-UPD
_b10
_c20130110
_lUCH01
_h0601
590 _aBATCH-UPD
_b10
_c20130410
_lUCH01
_h0242
590 _aBATCH-UPD
_b10
_c20130914
_lUCH01
_h1334
590 _aCONVERSION
_b10
_c20130109
_lUCH01
_h1347
650 1 4 _aEvaluación.
_938913
650 1 4 _aGanadería
_xHidalgo.
_944744
650 1 4 _aGanado
_xMejoramiento.
_944926
650 1 4 _aGanado
_xProducción.
_944945
901 _aBK
905 _aMarco A. Mendoza T.
942 _cFOLL
949 _aTesis
_bBC
_cTES
_d33724000854055
_eTS2
_fc.2
_gDonaciØn
_h38451
_i96054
_sb
949 _aTesis
_bBC
_cTES
_d960541
_eTS1
_gDonaciØn
_h38450
_i96054
_sb
999 _c84549
_d84549